Statistiques concernant Nommez une ville française de A à Z

Cliquez ici pour prendre le quiz!

Statistiques générales

  • Ce quiz a été pris 2 300 fois
  • Le résultat moyen est 11 sur 14

Statistiques - réponses

LettreVille% Correct
LLyon | Lille | Le Havre | Le Mans | Limoges
95%
MMarseille | Montpellier | Metz | Montreuil | Mulhouse
95%
PParis | Perpignan
95%
BBordeaux | Brest | Boulogne-Billancourt | Besançon
92%
NNice | Nantes | Nîmes | Nancy
92%
RRennes | Reims | Rouen
88%
AAngers | Aix-en-Provence | Amiens | Annecy | Argenteuil
86%
TToulouse | Toulon | Tours
86%
SStrasbourg | Saint Etienne | Saint Denis
85%
CClermont-Ferrand | Caen
69%
OOrléans
65%
GGrenoble
64%
DDijon
59%
VVilleurbanne
23%

Distribution des résultats

Percentile par nombre de réponses

% des personnes avec chaque résultat

Votre développement - résultats

Vous n’avez pas pris ce quiz